Biblioteca y Centro de Documentación

La estrategia Europa 2020 en España (Registro nro. 49413)

Detalles MARC
000 -CABECERA
Longitud fija campo de control 01076naa a2200289 c 4500
001 - NÚMERO DE CONTROL
Número de control 49413
003 - IDENTIFICADOR DE NÚMERO DE CONTROL
Identificador del número de control ES-MaCES
005 - FECHA Y HORA DE LA ÚLTIMA TRANSACCIÓN
Fecha y hora de la última transacción 20170516110330.0
008 - CAMPO FIJO DE DESCRIPCIÓN FIJA--INFORMACIÓN GENERAL
Códigos de información de longitud fija   170516s2017 sp ||||| t||||||| ||spa d
040 ## - FUENTE DE CATALOGACIÓN
Centro catalogador de origen ES-MaCES
Lengua de catalogación spa
Centro transcriptor ES-MaCES
Centro modificado ES-MaCES
100 1# - ENCABEZAMIENTO PRINCIPAL--NOMBRE PERSONAL
9 (RLIN) 38203
Nombre de persona Pozo Sen, Alberto del
245 13 - MENCIÓN DE TÍTULO
Título La estrategia Europa 2020 en España
Resto del título : el fracaso del empleo
Mención de responsabilidad, etc. Alberto del Pozo Sen, Borja Suárez Corujo
500 ## - NOTA GENERAL
Nota general Resumen
504 ## - NOTA DE BIBLIOGRAFÍA, ETC.
Nota de bibliografía, etc. Bibliografía: p. 96-98
650 #4 - ASIENTO SECUNDARIO DE MATERIA--TÉRMINO DE MATERIA
9 (RLIN) 28300
Término de materia o nombre geográfico como elemento inicial política de empleo
650 #4 - ASIENTO SECUNDARIO DE MATERIA--TÉRMINO DE MATERIA
9 (RLIN) 28292
Término de materia o nombre geográfico como elemento inicial mercado de trabajo
650 #4 - ASIENTO SECUNDARIO DE MATERIA--TÉRMINO DE MATERIA
9 (RLIN) 30270
Término de materia o nombre geográfico como elemento inicial fomento del empleo
650 #4 - ASIENTO SECUNDARIO DE MATERIA--TÉRMINO DE MATERIA
9 (RLIN) 29242
Término de materia o nombre geográfico como elemento inicial creación de empleos
650 #4 - ASIENTO SECUNDARIO DE MATERIA--TÉRMINO DE MATERIA
9 (RLIN) 28308
Término de materia o nombre geográfico como elemento inicial desempleo
650 #4 - ASIENTO SECUNDARIO DE MATERIA--TÉRMINO DE MATERIA
9 (RLIN) 28205
Término de materia o nombre geográfico como elemento inicial planificación de programas
650 #4 - ASIENTO SECUNDARIO DE MATERIA--TÉRMINO DE MATERIA
9 (RLIN) 30406
Término de materia o nombre geográfico como elemento inicial plan de acción
653 10 - TÉRMINO DE INDEXACIÓN--NO CONTROLADO
Término no controlado Empleo
700 1# - ENCABEZAMIENTO SECUNDARIO--NOMBRE PERSONAL
9 (RLIN) 24526
Nombre de persona Suárez Corujo, Borja
773 0# - ENTRADA DE DOCUMENTO FUENTE
Itemnumber del ítem fuente 85952
Lugar, editor y fecha de publicación Valladolid (Avda. Reyes Católicos, 11, 47008) Lex nova
Otro identificador del documento 088850
Título Información laboral
Número de control del registro relacionado (ES-MaCES)25782
Parte(s) relacionada(s) n. 2 (2017) {55/796 R. 088850} ;p. 65-98
902 ## - CES. TIPO DE DOCUMENTO
Tipodoc (006$c Sirtex) ART Artículo de revista
942 ## - ELEMENTOS KOHA
Fuente de clasificaión o esquema Clasificación propia del CES
Koha [por defecto] tipo de item Artículos (1982-2017)
Parte de clasificación Relaciones Laborales y Rel. Lab.- Empleo

No hay ítems disponibles.

© CES, Consejo Económico y Social de España 2021